000 00391nam a2200145Ia 4500
008 230917s9999||||xx |||||||||||||| ||und||
040 _e136706
_aMAIN
041 _aEnglish
082 _a301.4442 S55W
100 _aSen, Sukomal
245 0 _aWorking class of India: History of emergence and movement 1830-1970
260 _aCalcutta
_bK P Bagchi
_c1977
300 _a466 p.
942 _cBK
999 _c163702
_d163702